000 00587nam a2200229Ia 4500
003 OSt
005 20221007081128.0
006 a|||||r|||| 00| 0
007 ta
008 221006b |||||||| |||| 00| 0 eng d
024 _a24,677
037 _cTextual
040 _aFLL
_cFLL
_beng
041 _2eng
_aeng
082 _aZ3wN50, J7
100 _aDelany V.T.H.
_9690887
245 0 _aMaitland reader
260 _aNew York
_bOceana Publications New
_c1957
300 _a1-256p
_ccm.
942 _hZ3wN50, J7
_cTEXL
_2CC
999 _c1162129
_d1162129